Mass media law

This market-leading text discusses the most relevant mass media legal decisions, from the Constitution to the most recent Supreme Court sessions, in relation to their relevance to modern American law. Known for its clear explanations and its consistent pedagogy, the text includes mid-chapter summari...

وصف كامل

محفوظ في:
التفاصيل البيبلوغرافية
المؤلف الرئيسي: Pember, Don R.
التنسيق: كتاب
اللغة:Undetermined
منشور في: Boston McGraw-Hill 2008
الموضوعات:
الوسوم: إضافة وسم
لا توجد وسوم, كن أول من يضع وسما على هذه التسجيلة!
Thư viện lưu trữ: Trung tâm Học liệu Trường Đại học Cần Thơ
LEADER 01270nam a2200205Ia 4500
001 CTU_187214
008 210402s9999 xx 000 0 und d
082 |a 343.099 
082 |b P394 
100 |a Pember, Don R. 
245 0 |a Mass media law 
245 0 |c Don R. Pember, University of Washington, Clay Calvert, University of Florida 
260 |a Boston 
260 |b McGraw-Hill 
260 |c 2008 
520 |a This market-leading text discusses the most relevant mass media legal decisions, from the Constitution to the most recent Supreme Court sessions, in relation to their relevance to modern American law. Known for its clear explanations and its consistent pedagogy, the text includes mid-chapter summaries, a table of cases, a separate additional table of contents for Internet related cases and issues, and more. The new edition has been heavily revised to include many new cases, and updated coverage of important current media law concerns including the right of reporters to protect their sources, censorship problems related to terrorism, file sharing and the law of privacy and ethics. 
650 |a Press law,Luật báo chí 
650 |z United States,Hoa Kỳ 
910 |a Hải 
980 |a Trung tâm Học liệu Trường Đại học Cần Thơ